[Event "EU-chT Railways USIC"]
[Site "Dresden"]
[Date "2000.06.24"]
[Round "7.1"]
[White "Simoes, Vitor Fernando Da S"]
[Black "Semkoff, Aleks"]
[Result "1/2-1/2"]
[WhiteElo "1837"]
[BlackElo "2103"]
[PlyCount "45"]
[EventDate "2000.06.19"]
[EventType "team-swiss"]
[EventRounds "7"]
[EventCountry "GER"]
[SourceTitle "EXT 2002"]
[Source "ChessBase"]
[SourceDate "2001.11.25"]
[SourceVersion "1"]
[SourceVersionDate "2001.11.25"]
[SourceQuality "1"]
[WhiteTeam "Portugal (USIC)"]
[BlackTeam "Norway (USIC)"]
[WhiteTeamCountry "POR"]
[BlackTeamCountry "NOR"]

1. e4 d5 2. e5 Bf5 3. d4 e6 4. c3 c5 5. Be3 Qb6 6. Qb3 c4 7. Qxb6 axb6 8. Nf3 Nc6 9. Nbd2 h6 10. Be2 Nge7 11. 0-0 Nc8 12. Rfc1 b5 13. a3 Nb6 14. b4 Be7 15. Bd1 Na4 16. Ra2 Kd7 17. h3 Bd3 18. Ne1 Bg6 19. Bc2 Nb6 20. Nb1 Ra7 21. Bd1 Rha8 22. Bc2 Bxc2 23. Rcxc2 1/2-1/2

[Event "EU-chT Railways USIC"]
[Site "Dresden"]
[Date "2000.06.23"]
[Round "5.1"]
[White "Okkes, Menno"]
[Black "Semkoff, Aleks"]
[Result "1-0"]
[WhiteElo "2275"]
[BlackElo "2103"]
[PlyCount "65"]
[EventDate "2000.06.19"]
[EventType "team-swiss"]
[EventRounds "7"]
[EventCountry "GER"]
[SourceTitle "EXT 2002"]
[Source "ChessBase"]
[SourceDate "2001.11.25"]
[SourceVersion "1"]
[SourceVersionDate "2001.11.25"]
[SourceQuality "1"]
[WhiteTeam "Netherlands (USIC)"]
[BlackTeam "Norway (USIC)"]
[WhiteTeamCountry "NED"]
[BlackTeamCountry "NOR"]

1. e4 d5 2. exd5 Qxd5 3. Nc3 Qa5 4. d4 Nf6 5. Bd2 c6 6. Bc4 Bf5 7. Qe2 e6 8. d5 cxd5 9. Nxd5 Qd8 10. Nxf6+ Qxf6 11. 0-0-0 Bc5 12. g4 Bg6 13. Nf3 h6 14. Ne5 Nc6 15. Bc3 Qf4+ 16. Kb1 Be4 17. Rhe1 Nxe5 18. Qxe4 Qxe4 19. Rxe4 Nxc4 20. Rxc4 Bxf2 21. Bxg7 Rh7 22. Bf6 Bb6 23. Rb4 Bd8 24. Rxd8+ Rxd8 25. Bxd8 Kxd8 26. Rxb7 Rg7 27. h3 h5 28. b3 hxg4 29. hxg4 Ke8 30. Rxa7 Rxg4 31. a4 f5 32. a5 Kd8 33. a6 1-0

[Event "EU-chT Railways USIC"]
[Site "Dresden"]
[Date "2000.06.20"]
[Round "1.1"]
[White "Semkoff, Aleks"]
[Black "Stevanovic, Vladan S"]
[Result "0-1"]
[WhiteElo "2103"]
[BlackElo "2299"]
[PlyCount "54"]
[EventDate "2000.06.19"]
[EventType "team-swiss"]
[EventRounds "7"]
[EventCountry "GER"]
[SourceTitle "EXT 2002"]
[Source "ChessBase"]
[SourceDate "2001.11.25"]
[SourceVersion "1"]
[SourceVersionDate "2001.11.25"]
[SourceQuality "1"]
[WhiteTeam "Norway (USIC)"]
[BlackTeam "Yugoslavia (USIC)"]
[WhiteTeamCountry "NOR"]
[BlackTeamCountry "YUG"]

1. e4 e6 2. d3 c5 3. f4 Nc6 4. Nf3 g6 5. g3 Bg7 6. Bg2 Nge7 7. 0-0 b6 8. c3 Bb7 9. d4 0-0 10. Be3 d6 11. Nbd2 Qd7 12. dxc5 bxc5 13. Nc4 Rfd8 14. Qa4 d5 15. Rfd1 Qc7 16. exd5 exd5 17. Nce5 Nf5 18. Bf2 Nxe5 19. fxe5 d4 20. cxd4 Nxd4 21. Bxd4 cxd4 22. Rxd4 Qb6 23. Rad1 Bxf3 24. Bxf3 Bxe5 25. Bxa8 Bxd4+ 26. Kh1 Qxb2 27. Qb3 Rxa8 0-1